Indian Ocean Countries and Territories - Statistics

General Stats
  • This quiz has been taken 557 times
  • The average score is 33 of 46
Answer Stats
Hint Answer % Correct
Sovereign nation India
96%
Sovereign nation Indonesia
91%
Sovereign nation Pakistan
91%
Sovereign nation Madagascar
90%
Sovereign nation Oman
90%
Sovereign nation Malaysia
89%
Sovereign nation Somalia
89%
Sovereign nation South Africa
89%
Sovereign nation Yemen
89%
Sovereign nation Burma
88%
Sovereign nation Sri Lanka
88%
Sovereign nation Tanzania
88%
Sovereign nation Bangladesh
87%
Sovereign nation Kenya
87%
Sovereign nation Maldives
87%
Sovereign nation Mauritius
87%
Sovereign nation Thailand
87%
Sovereign nation Iran
86%
Sovereign nation Mozambique
86%
Sovereign nation Seychelles
86%
Sovereign nation Egypt
85%
Sovereign nation Qatar
85%
Sovereign nation Saudi Arabia
85%
Sovereign nation Djibouti
84%
Sovereign nation Australia
83%
Sovereign nation Eritrea
83%
Sovereign nation Bahrain
82%
Sovereign nation Comoros
82%
Sovereign nation Iraq
82%
Sovereign nation Kuwait
82%
Sovereign nation United Arab Emirates
82%
Sovereign nation Sudan
76%
Sovereign nation Israel
65%
Sovereign nation Jordan
63%
French departments Reunion
62%
Tanzanian autonomous region Zanzibar
61%
Sovereign nation East Timor
60%
Australian territory Christmas Island
53%
French departments Mayotte
45%
British territory British Indian Ocean Territory
38%
Australian territory Cocos Islands
35%
French territory French Southern Territories
19%
Australian territory Heard & McDonald Islands
13%
Australian territory Ashmore & Cartier Islands
10%
Mauritian autonomous island Rodrigues
8%
Australian territory Australian Antarctic Territory
4%
No matching quizzes found
Score Distribution
Percent of People with Each Score
Percentile by Number Answered
Your Score History
You have not taken this quiz